| 000 | 00651nam a2200157 4500 | ||
|---|---|---|---|
| 008 | 020516s1989 ilu engta | ||
| 090 | 0 |
_a225.7077 _bW63 |
|
| 100 | 1 | _aWiersbe, Warren W. | |
| 245 | 1 | 0 |
_aThe Bible exposition commentary : _ban exposition of the New Testament comprising the entire "Be series / _cWarren W. Wiersbe. |
| 260 |
_aIllinois : _bSP Publications; _a Manila : _bCLAIM, _cc1989. |
||
| 300 | _a2 volumes. | ||
| 505 | 0 | _av. 1 Matthew - Galatians; v. 2 Ephesians - Revelations. | |
| 650 | 4 |
_aBible. N.T. _xCommentaries. |
|
| 950 | 0 |
_c(v.1); Php165.00 _c(v.2) |
|
| 951 |
_p14224 _o225.7077/W63-2 _j070613111113531 _d2000-12-21 _cFIL |
||
| 999 |
_c6192 _d6192 |
||